000
00268nam a2200109 4500
008
160625b xxu||||| |||| 00| 0 eng d
100
_9
1149
_a
Heinz, W.C
245
_a
The Surgeon
260
_a
N.Y
_b
Doubleday & Com.Inc.
_c
1963
300
_a
The Surgeon
942
_2
ddc
_c
BK
999
_c
931
_d
931